DOMBİLİ KÖTÜ BİRŞEY YAPIYOR (Record no. 962214)

MARC details
000 -LEADER
sabit uzunluktaki kontrol alanı 00258nam a2200097Ia 4500
001 - KONTROL NUMARASI
kontrol alanı 962214
005 - EN SON İŞLEMİN TARİH VE ZAMANI
kontrol alanı 20250826220144.0
008 - SABİT-UZUNLUKTA VERİ ÖĞELERİ--GENEL BİLGİ
sabit uzunluktaki kontrol alanı 250824s9999 xx 000 0 und d
245 #0 - ESER / YAZAR
ESER ADI DOMBİLİ KÖTÜ BİRŞEY YAPIYOR
Yazar Adı JUDITH KERR
260 ## - YAYIN, DAĞITIM, VB.
YAYIN EVİ HEP KİTAP YAYINLARI
Holdings
Düşüm durumu Kayıp durumu Hasar Durumu Ödünç verilmez Ana kütüphane Geçerli Kütüphane Edinilen tarih Toplam ödünç verme sayısı Barkod Son görüntüleme tarihi Fiyatın geçerli olmaya başladığı tarih Koha materyal türü
        TATKÖY İLKOKULU TATKÖY İLKOKULU 24.08.2025   10363098 26.08.2025 26.08.2025 Books